[Event "CZE-chT2D 2223"]
[Site "Czech Republic"]
[Date "2023.01.22"]
[Round "7.7"]
[White "Novotny, Josef1111"]
[Black "Tuma, Jan"]
[Result "1-0"]
[WhiteElo "1965"]
[BlackElo "1993"]
[PlyCount "97"]
[EventDate "2022.10.16"]
[EventType "team-tourn"]
[EventRounds "11"]
[EventCountry "CZE"]
[SourceTitle "EXT 2024"]
[Source "ChessBase"]
[SourceDate "2023.10.10"]
[SourceVersion "1"]
[SourceVersionDate "2023.10.10"]
[SourceQuality "1"]
[WhiteTeam "Rychnov nad Kneznou Panda"]
[BlackTeam "Chotebor"]
[WhiteTeamCountry "CZE"]
[BlackTeamCountry "CZE"]

1. e3 c5 2. d3 g6 3. Nf3 Bg7 4. Nc3 Nc6 5. g3 d6 6. Bg2 e5 7. 0-0 Nge7 8. d4 cxd4 9. exd4 Nxd4 10. Nxd4 exd4 11. Ne2 Nf5 12. c3 dxc3 13. Nxc3 0-0 14. Qd3 Rb8 15. Rd1 Re8 16. Ne4 Qb6 17. Rb1 Bd7 18. Bg5 Bb5 19. Qd2 Re6 20. g4 Ne7 21. Be3 Qd8 22. Ng5 Re5 23. Bd4 Qe8 24. Bxe5 dxe5 25. Rbc1 h6 26. Ne4 Bc6 27. Qd6 Kh8 28. Nf6 Qf8 29. Nd7 Bxd7 30. Qxd7 Bf6 31. Bxb7 h5 32. gxh5 Qh6 33. Kh1 Qxh5 34. Rd3 Kg7 35. Rc2 Rh8 36. h3 Qh4 37. Kg2 e4 38. Rc4 Nf5 39. Rxe4 Qg5+ 40. Kf1 Qc1+ 41. Re1 Qxb2 42. Bd5 Bd4 43. Qxf7+ Kh6 44. Rf3 Qb4 45. Rxf5 gxf5 46. Re6+ Kg5 47. Qg6+ Kh4 48. Qg3+ Kh5 49. Bf3# 1-0

[Event "CZE-ch Juniors FIDE op"]
[Site "Kouty nad Desnou"]
[Date "2020.03.08"]
[Round "2"]
[White "Tuma, Jan"]
[Black "Husa, Daniel"]
[Result "1/2-1/2"]
[WhiteElo "1993"]
[BlackElo "1814"]
[PlyCount "46"]
[EventDate "2020.03.07"]
[EventType "swiss"]
[EventRounds "7"]
[EventCountry "CZE"]
[SourceTitle "CBM 195 Extra"]
[Source "ChessBase"]
[SourceDate "2020.05.31"]
[SourceVersion "1"]
[SourceVersionDate "2020.05.31"]
[SourceQuality "1"]

1. e4 c5 2. Ne2 e6 3. d4 cxd4 4. Nxd4 Nf6 5. Nc3 Nc6 6. g3 Bb4 7. Bg2 d5 8. exd5 Nxd5 9. Nxc6 bxc6 10. 0-0 0-0 11. Ne4 Ba6 12. Re1 Bxe1 13. Qxe1 Nb4 14. Bg5 Qb6 15. Qd2 Nd5 16. b3 f6 17. Bh4 Rad8 18. g4 e5 19. Bf3 Nf4 20. Qe1 Rd4 21. Qe3 Bb7 22. Re1 c5 23. Bg3 Ne6 1/2-1/2

[Event "CZE-chT2D 1819"]
[Site "Czech Republic"]
[Date "2018.12.02"]
[Round "4.6"]
[White "Tuma, Jan"]
[Black "Svizensky, Lubos"]
[Result "1/2-1/2"]
[WhiteElo "2034"]
[BlackElo "1937"]
[PlyCount "30"]
[EventDate "2018.10.14"]
[EventType "team-tourn"]
[EventRounds "11"]
[EventCountry "CZE"]
[SourceTitle "EXT 2022"]
[Source "ChessBase"]
[SourceDate "2021.10.06"]
[SourceVersion "1"]
[SourceVersionDate "2021.10.06"]
[SourceQuality "1"]
[WhiteTeam "Chotebor"]
[BlackTeam "Dalesice Pivovar"]
[WhiteTeamCountry "CZE"]
[BlackTeamCountry "CZE"]

1. Nf3 d5 2. c4 c6 3. b3 Nf6 4. Bb2 Bf5 5. e3 h6 6. Be2 e6 7. 0-0 Nbd7 8. d4 Be7 9. Nbd2 0-0 10. Ne5 Rc8 11. f4 Ne4 12. g4 Bh7 13. Nxe4 Bxe4 14. Qe1 Nxe5 15. dxe5 f5 1/2-1/2

[Event "CZE-chT2D 1718"]
[Site "Czech Republic"]
[Date "2018.01.28"]
[Round "7.5"]
[White "Lampir, Tomas"]
[Black "Tuma, Jan"]
[Result "1/2-1/2"]
[WhiteElo "2077"]
[BlackElo "2074"]
[PlyCount "73"]
[EventDate "2017.10.15"]
[EventType "team-tourn"]
[EventRounds "11"]
[EventCountry "CZE"]
[SourceTitle "EXT 2022"]
[Source "ChessBase"]
[SourceDate "2021.10.06"]
[SourceVersion "1"]
[SourceVersionDate "2021.10.06"]
[SourceQuality "1"]
[WhiteTeam "Dalesice Pivovar"]
[BlackTeam "Chotebor"]
[WhiteTeamCountry "CZE"]
[BlackTeamCountry "CZE"]

1. e4 c5 2. Nf3 Nc6 3. d4 cxd4 4. Nxd4 Nf6 5. Nc3 e5 6. Nf3 Bb4 7. Bg5 h6 8. Bxf6 Bxc3+ 9. bxc3 Qxf6 10. Be2 0-0 11. 0-0 d6 12. Rb1 b6 13. Nd2 Ne7 14. Nc4 Rd8 15. Ne3 Bb7 16. Nd5 Bxd5 17. exd5 Rac8 18. c4 Ng6 19. g3 Qg5 20. Qc1 f5 21. Qxg5 hxg5 22. Rb3 Rc5 23. Ra3 Rd7 24. f3 Kf8 25. Bd3 Ne7 26. Kf2 Kf7 27. Rh1 Rc8 28. Kg2 Rh8 29. Ra6 Kf6 30. a4 g6 31. Ra1 Nc8 32. a5 Rdh7 33. Rh1 Re7 34. Re1 Reh7 35. Rh1 Re7 36. Re1 Reh7 37. Rh1 1/2-1/2

[Event "CZE-ch"]
[Site "Ostrava"]
[Date "2016.05.08"]
[Round "9"]
[White "Vybiral, Zdenek"]
[Black "Tuma, Jan"]
[Result "1-0"]
[WhiteElo "2281"]
[BlackElo "2053"]
[PlyCount "63"]
[EventDate "2016.04.30"]
[EventType "swiss"]
[EventRounds "9"]
[EventCountry "CZE"]
[SourceTitle "CBM 172 Extra"]
[Source "ChessBase"]
[SourceDate "2016.06.21"]
[SourceVersion "1"]
[SourceVersionDate "2016.06.21"]
[SourceQuality "1"]

1. c4 e5 2. Nc3 Nf6 3. Nf3 Nc6 4. d4 exd4 5. Nxd4 Be7 6. Nf5 0-0 7. Nxe7+ Qxe7 8. e3 b6 9. Be2 Bb7 10. Bf3 Na5 11. Bxb7 Nxb7 12. 0-0 Nc5 13. f3 a5 14. e4 h6 15. Be3 d6 16. Qd2 Nfd7 17. Nd5 Qd8 18. Bd4 Ne5 19. Qc3 Na4 20. Qc2 Nc5 21. Rad1 Re8 22. b3 f6 23. Bc3 Rc8 24. f4 Ned7 25. e5 fxe5 26. fxe5 Nxe5 27. Bxe5 Rxe5 28. Nf6+ Qxf6 29. Rxf6 gxf6 30. Qg6+ Kf8 31. Qxf6+ Ke8 32. Qh8+ 1-0

[Event "CZE-chT2C 1516"]
[Site "Czech Republic"]
[Date "2016.04.03"]
[Round "10.2"]
[White "Tuma, Jan"]
[Black "Husarik, Branko"]
[Result "1-0"]
[WhiteElo "2053"]
[BlackElo "2138"]
[PlyCount "27"]
[EventDate "2015.10.18"]
[EventType "team-tourn"]
[EventRounds "11"]
[EventCountry "CZE"]
[SourceTitle "EXT 2022"]
[Source "ChessBase"]
[SourceDate "2021.10.06"]
[SourceVersion "1"]
[SourceVersionDate "2021.10.06"]
[SourceQuality "1"]
[WhiteTeam "Kutna Hora"]
[BlackTeam "Lysa nad Labem IV"]
[WhiteTeamCountry "CZE"]
[BlackTeamCountry "CZE"]

1. e4 d5 2. exd5 Nf6 3. d4 Nxd5 4. Bd3 Nc6 5. c3 e5 6. Qe2 Qe7 7. Bc4 Be6 8. dxe5 0-0-0 9. Nf3 h6 10. 0-0 g5 11. Nd4 Qd7 12. Bb5 Bg7 13. Bxc6 bxc6 14. Qa6+ 1-0

[Event "CZE-chT2C 1516"]
[Site "Czech Republic"]
[Date "2016.02.07"]
[Round "7.2"]
[White "Belousek, Michal"]
[Black "Tuma, Jan"]
[Result "1-0"]
[WhiteElo "2058"]
[BlackElo "2053"]
[PlyCount "55"]
[EventDate "2015.10.18"]
[EventType "team-tourn"]
[EventRounds "11"]
[EventCountry "CZE"]
[SourceTitle "EXT 2022"]
[Source "ChessBase"]
[SourceDate "2021.10.06"]
[SourceVersion "1"]
[SourceVersionDate "2021.10.06"]
[SourceQuality "1"]
[WhiteTeam "Svetla nad Sazavou"]
[BlackTeam "Kutna Hora"]
[WhiteTeamCountry "CZE"]
[BlackTeamCountry "CZE"]

1. Nf3 c5 2. c4 b6 3. g3 Bb7 4. Bg2 Nf6 5. 0-0 e6 6. Nc3 Be7 7. b3 0-0 8. Bb2 d5 9. cxd5 exd5 10. d4 c4 11. Ne5 cxb3 12. Qxb3 Ne4 13. Rfd1 Nxc3 14. Bxc3 Qd6 15. Rac1 Nd7 16. Rc2 Rac8 17. Bh3 Bc6 18. Bb4 Qxb4 19. Qxb4 Bxb4 20. Nxc6 Rxc6 21. Rxc6 Nf6 22. Rdc1 Ne4 23. Bg2 Nf6 24. Rc8 Bd6 25. R1c6 Bb4 26. R6c7 a6 27. Rxf8+ Kxf8 28. Ra7 1-0

[Event "CZE-ch U18/20 sf"]
[Site "Doksy"]
[Date "2015.11.25"]
[Round "5"]
[White "Liska, Jiri2222"]
[Black "Tuma, Jan"]
[Result "1-0"]
[WhiteElo "2138"]
[BlackElo "2177"]
[PlyCount "61"]
[EventDate "2015.11.14"]
[EventType "swiss"]
[EventRounds "9"]
[EventCountry "CZE"]
[SourceTitle "EXT 2022"]
[Source "ChessBase"]
[SourceDate "2021.10.06"]
[SourceVersion "1"]
[SourceVersionDate "2021.10.06"]
[SourceQuality "1"]

1. Nf3 Nf6 2. c4 g6 3. g3 c6 4. Bg2 Bg7 5. 0-0 0-0 6. d4 d5 7. Qa4 Be6 8. Nc3 dxc4 9. e4 b5 10. Qc2 Na6 11. Bf4 Nb4 12. Qd2 Nd3 13. Ne5 Nxe5 14. Bxe5 Qa5 15. Rfd1 Rfd8 16. Qe1 Ng4 17. Bxg7 Kxg7 18. d5 Bd7 19. e5 Qc7 20. e6 fxe6 21. dxc6 Bxc6 22. Qxe6 Bxg2 23. Kxg2 Qb7+ 24. Kg1 h5 25. h3 Nxf2 26. Kxf2 Rf8+ 27. Kg1 Qf3 28. Qe5+ Kh6 29. Rf1 Qd3 30. Rad1 Rxf1+ 31. Rxf1 1-0

[Event "CZE-chT2C 1516"]
[Site "Czech Republic"]
[Date "2015.10.18"]
[Round "1.2"]
[White "Soural, Jan"]
[Black "Tuma, Jan"]
[Result "1-0"]
[WhiteElo "2166"]
[BlackElo "2053"]
[PlyCount "107"]
[EventDate "2015.10.18"]
[EventType "team-tourn"]
[EventRounds "11"]
[EventCountry "CZE"]
[SourceTitle "EXT 2022"]
[Source "ChessBase"]
[SourceDate "2021.10.06"]
[SourceVersion "1"]
[SourceVersionDate "2021.10.06"]
[SourceQuality "1"]
[WhiteTeam "Pankrac II"]
[BlackTeam "Kutna Hora"]
[WhiteTeamCountry "CZE"]
[BlackTeamCountry "CZE"]

1. d4 d5 2. c4 e6 3. Nc3 Nf6 4. cxd5 exd5 5. Bg5 Be7 6. e3 0-0 7. Bd3 b6 8. Bxf6 Bxf6 9. Qh5 g6 10. Qxd5 c6 11. Qxd8 Rxd8 12. Nge2 Bb7 13. 0-0 Na6 14. Rac1 Rd7 15. Rfd1 Rad8 16. Ng3 Nb4 17. Be4 Bg7 18. a3 Nd5 19. Nxd5 cxd5 20. Bd3 a6 21. Rc3 Rc8 22. Rxc8+ Bxc8 23. Rc1 Bb7 24. Ne2 Bf8 25. Kf1 Bd6 26. Nc3 Rc7 27. g3 Kf8 28. h4 h5 29. Ke2 Ke7 30. Kd2 Kd7 31. Bc2 Be7 32. Bb3 Kd6 33. Ne2 Rd7 34. Nf4 Bf6 35. Bd1 Re7 36. Be2 Re8 37. Bf3 Re7 38. a4 Re8 39. b3 Re7 40. a5 bxa5 41. Rc5 Rc7 42. Rxa5 Bd8 43. Bxd5 Rd7 44. Rc5 Bb6 45. Bxb7 Bxc5 46. dxc5+ Kxc5+ 47. Bd5 Rxd5+ 48. Nxd5 Kxd5 49. Kd3 f5 50. b4 Ke5 51. f3 Kd5 52. e4+ fxe4+ 53. fxe4+ Ke5 54. Ke3 1-0

[Event "CZE-chT rap"]
[Site "Pardubice"]
[Date "2015.07.18"]
[Round "4.5"]
[White "Plichta, Kamil"]
[Black "Tuma, Jan"]
[Result "1-0"]
[WhiteElo "2320"]
[BlackElo "2141"]
[PlyCount "47"]
[EventDate "2015.07.16"]
[EventType "team-swiss"]
[EventRounds "7"]
[EventCountry "CZE"]
[SourceTitle "CBM 167 Extra"]
[Source "ChessBase"]
[SourceDate "2015.09.14"]
[SourceVersion "1"]
[SourceVersionDate "2015.09.14"]
[SourceQuality "1"]

1. c4 c5 2. g3 Nf6 3. Bg2 e6 4. Nf3 Be7 5. 0-0 0-0 6. b3 Nc6 7. Bb2 a6 8. Nc3 Rb8 9. a4 d5 10. cxd5 exd5 11. d4 c4 12. bxc4 dxc4 13. d5 Nb4 14. Ne5 Qc7 15. f4 Bc5+ 16. Kh1 Ng4 17. Nxg4 Bxg4 18. Qd2 f5 19. e4 fxe4 20. Nxe4 Nd3 21. Be5 Nxe5 22. fxe5 Bf5 23. d6 Qb6 24. Qd5+ 1-0

[Event "Policka op"]
[Site "Policka"]
[Date "2015.07.05"]
[Round "2"]
[White "Tuma, Jan"]
[Black "Hurtak, Otto"]
[Result "1-0"]
[WhiteElo "2141"]
[BlackElo "1946"]
[PlyCount "61"]
[EventDate "2015.07.04"]
[EventType "swiss"]
[EventRounds "9"]
[EventCountry "CZE"]
[SourceTitle "CBM 167 Extra"]
[Source "ChessBase"]
[SourceDate "2015.09.14"]
[SourceVersion "1"]
[SourceVersionDate "2015.09.14"]
[SourceQuality "1"]

1. e4 c5 2. Ne2 e5 3. Nec3 Nc6 4. a4 d6 5. Bc4 Nf6 6. d3 Be6 7. 0-0 Be7 8. Nd5 Bxd5 9. exd5 Nb8 10. f4 Nbd7 11. Nc3 0-0 12. f5 h6 13. Rf3 Nh7 14. Rg3 Kh8 15. Qg4 Rg8 16. Qh5 Qf8 17. h4 Ndf6 18. Qf3 h5 19. Bg5 Ng4 20. Ne4 Qd8 21. Rxg4 hxg4 22. Qxg4 g6 23. f6 Nxf6 24. Bxf6+ Bxf6 25. Rf1 Bxh4 26. Rxf7 Rg7 27. Nxd6 Qxd6 28. Qxh4+ Kg8 29. Rf6 g5 30. Qh6 Rh7 31. Qxh7+ 1-0

[Event "CZE-ch op"]
[Site "Havlickuv Brod"]
[Date "2015.05.23"]
[Round "9"]
[White "Tuma, Jan"]
[Black "Sedlak, Jiri"]
[Result "1-0"]
[WhiteElo "2158"]
[BlackElo "1876"]
[PlyCount "73"]
[EventDate "2015.05.16"]
[EventType "swiss"]
[EventRounds "9"]
[EventCountry "CZE"]
[SourceTitle "CBM 166 Extra"]
[Source "ChessBase"]
[SourceDate "2015.06.18"]
[SourceVersion "1"]
[SourceVersionDate "2015.06.18"]
[SourceQuality "1"]

1. e4 e5 2. Nf3 Nc6 3. Bb5 a6 4. Bxc6 dxc6 5. Nc3 f6 6. d3 Be6 7. Be3 Qd7 8. Qe2 Bb4 9. 0-0 Ne7 10. Na4 0-0 11. c3 Bd6 12. Rfd1 b6 13. d4 exd4 14. cxd4 Ng6 15. Nc5 Qe7 16. Nxe6 Qxe6 17. Nd2 Rfe8 18. f3 Bf4 19. Nf1 f5 20. e5 Bxe3+ 21. Qxe3 c5 22. f4 cxd4 23. Rxd4 Rad8 24. b3 Ne7 25. Rad1 Nc6 26. Rxd8 Rxd8 27. Rxd8+ Nxd8 28. Qd3 Nc6 29. Ne3 g5 30. g3 gxf4 31. gxf4 Qg6+ 32. Kf2 Qh6 33. Qxf5 Qxh2+ 34. Ng2 Ne7 35. Qe6+ Kf8 36. Qf6+ Ke8 37. e6 1-0

[Event "Kouty nad Desnou op-A"]
[Site "Kouty nad Desnou"]
[Date "2015.03.10"]
[Round "4"]
[White "Tuma, Jan"]
[Black "Plat, Vojtech"]
[Result "0-1"]
[WhiteElo "2093"]
[BlackElo "2443"]
[PlyCount "40"]
[EventDate "2015.03.07"]
[EventType "swiss"]
[EventRounds "9"]
[EventCountry "CZE"]
[SourceTitle "EXT 2017"]
[Source "ChessBase"]
[SourceDate "2016.10.25"]
[SourceVersion "1"]
[SourceVersionDate "2016.10.25"]
[SourceQuality "1"]

1. e4 d6 2. d4 Nf6 3. Nc3 e5 4. dxe5 dxe5 5. Qxd8+ Kxd8 6. Bg5 Be6 7. 0-0-0+ Nbd7 8. Nd5 Bxd5 9. Rxd5 Bd6 10. Bb5 h6 11. Bxd7 hxg5 12. Bb5 Nxe4 13. Rd2 Nxd2 14. Kxd2 f5 15. Nf3 g4 16. Ne1 Ke7 17. f3 gxf3 18. Nxf3 e4 19. Nd4 g6 20. Ke3 Rxh2 0-1